Surgimiento y auge del neokantismo: la filosofía universitaria alemana entre el idealismo y el positivismo
Saved in:
| 主要作者: | |
|---|---|
| 格式: | 圖書 |
| 語言: | 西班牙语 |
| 出版: |
Ciudad de México
Universidad Autónoma Metropolitana
2011
Ciudad de México Fondo de Cultura Económica 2011 |
| 版: | 1a. ed |
| 叢編: | Sección de Obras de Filosofía
|
| 主題: | |
| 標簽: |
添加標簽
沒有標簽, 成為第一個標記此記錄!
|
MARC
| LEADER | 00000cam a2200000 a 4500 | ||
|---|---|---|---|
| 001 | UCF0378 | ||
| 003 | CL-VaPUC | ||
| 008 | 120517e20110000MX |||||||||||||||||spa|d | ||
| 020 | |a 9786071607935 | ||
| 082 | 0 | 4 | |a 142.3 |b KOH |2 21 |
| 100 | 0 | |a Köhnke, Klaus Christian |e author |9 562149 | |
| 245 | 1 | 0 | |a Surgimiento y auge del neokantismo: la filosofía universitaria alemana entre el idealismo y el positivismo |
| 250 | |a 1a. ed | ||
| 300 | |a 570 p | ||
| 600 | 0 | |a Kant, Immanuel, |d 1724-1804 |9 858687 | |
| 942 | |c BK | ||
| 945 | |d 20120517 00:00:00 |a cmena | ||
| 260 | |a Ciudad de México |b Universidad Autónoma Metropolitana |c 2011 | ||
| 260 | |a Ciudad de México |b Fondo de Cultura Económica |c 2011 | ||
| 650 | 7 | |a NEOKANTISMO |2 CL-VaPUC |9 330276 | |
| 650 | 0 | |a Filosofía alemana |9 265002 | |
| 650 | 0 | |a Escuelas filosóficas |9 266232 | |
| 583 | |a last modification |c 20121105 12:11:59 |k Rodrigo Vera | ||
| 490 | 0 | |a Sección de Obras de Filosofía | |
| 999 | |c 347710 |d 347708 | ||
| 952 | |0 0 |1 0 |4 0 |6 142_300000000000000_KOH_2011_2011 |7 0 |8 A |9 449226 |a BIBEDU |b BIBEDU |d 2019-11-22 |i 4868056 |o 142.3 KOH 2011 2011 |p 4868056 |r 2019-11-22 |w 2019-11-22 |y BK |k FIL | ||